Responses for Show #6516 - Monday, January 7, 2013

Ashok Poozhikunnel game 3.

Contestants

[<< previous game]

Steve Money, an international education specialist from Washington, D.C.

Wendy Hayes, a project specialist from Kansas City, Missouri

Ashok Poozhikunnel, an underwriter from Wheaton, Illinois (whose 2-day cash winnings total $39,601)

[next game >>]

Jeopardy! Round responses

HOW DO YOU?
ORIGINAL OPERA TITLES
(Alex: You have to give us the English title.)
RULE OF THIRDS
UCLA CELEBRITY ALUMNI
4-SYLLABLE WORDS
2000: THE YEAR IN QUOTATIONS
    $200 13
(How do you) whistle

Steve
    $200 1
William Tell

Wendy
    $200 2
The Belmont Stakes

Ashok
    $200 23
Heather Locklear

Wendy
    $200 4
impossible

Ashok
    $200 18
(Steve: Who is George W. Bush?)

Bill Clinton

WendySteve
    $400 14
play bingo

Ashok
    $400 12
The Marriage of Figaro

Steve
    $400 3
the superego

Wendy
    $400 24
(James) Dean

Ashok
    $400 5
operation

Wendy
    $400 19
Florida

Steve
    $600 15
build an ark

Wendy
    $600 26
(Ashok: Tales from Hoffmann. What is Tales from Hoffmann?)

The Tales of Hoffmann

Ashok
Triple Stumper
    $600 6
inferno

Ashok
    $600 25
Rob Reiner

Triple Stumper
    $600 9
certificate

Steve
    $600 20
Y2K

Wendy
    $800 16
(Ashok: What is make a s'more?)

make Rice Krispie Treats

AshokSteve
    $800 27
(Wendy: What is The Ring?)

Twilight of the Gods

Wendy
Triple Stumper
    $800 7
Standard & Poor's

Ashok
    $800 29
Jackie Joyner-Kersee

Ashok
    $800 10
circulation

Ashok
    $800 21
China

Steve
    $1000 17
take someone's blood pressure

Steve
    $1000 28
Girl of the Golden West

Triple Stumper
    $1000 8
anvil

Wendy
    $1000 30
Mayim Bialik

Steve
    $1000 11
a menagerie

Triple Stumper
    $1,200 22
Germany

Steve

Scores at the first commercial break (after clue 15):

Ashok Wendy Steve
$3,000 $2,600 $1,200

Scores at the end of the Jeopardy! Round:

Ashok Wendy Steve
$2,800 $2,800 $6,200

Double Jeopardy! Round responses

IT'S PLAY TIME
DAYS OF YORE
ACTORS WHO DIRECT
(Alex: Next, we want you to name the movie's actor-director.)
FEMALE FIRSTS
AMERICAN REGIONALISMS
HOLD THE FORT!
    $400 6
Oedipus

Wendy
    $400 1
[Ashok selected the first clue.]

Halley's Comet

Ashok
    $400 16
Orson Welles

Steve
    $400 11
(Amelia) Earhart

Steve
    $400 21
a rain

Wendy
    $400 23
Fort Knox

Wendy
    $800 7
(Oscar) Wilde

Ashok
    $3,000 2
gunpowder

Ashok
    $800 17
(Tyler) Perry

Steve
    $800 12
a patent

Ashok
    $800 22
a sofa

Triple Stumper
    $800 24
the (Transcontinental) Railroad

Steve
    $1200 8
Macbeth

Ashok
    $1200 3
Machiavelli

Ashok
    $1200 18
Billy Bob Thornton

Ashok
    $1200 13
the Episcopal church

Ashok
    $1200 28
a sandwich

Steve
    $1200 25
Fort Sam Houston

Steve
    $1600 9
The Miracle Worker

Ashok
    $1600 4
(Wendy: What are monarch butterflies?)

silkworms

Wendy
Triple Stumper
    $1600 19
Ed Harris

Triple Stumper
    $3,000 14
(Ashok: Who is... Wallis... Stevens?)

Wallis Warfield Simpson

Ashok
    $1600 29
a dragonfly

Ashok
    $1600 26
Fort Dix

Triple Stumper
    $2000 10
The Elephant Man

Ashok
    $2000 5
time

Triple Stumper
    $2000 20
Ben Stiller

Ashok
    $2000 15
(Dee Dee) Myers

Steve
    $2000 30
a frappe

Triple Stumper
    $2000 27
the French & Indian War

Ashok

Scores at the end of the Double Jeopardy! Round:

Ashok Wendy Steve
$18,800 $2,400 $13,000

[wagering suggestions for these scores]

Final Jeopardy! Round responses

AMERICAN SPORTS LEGENDS
(Alex: [To Wendy] And you are correct, yes; "the Sultan of Swat".)
WendyWho is Babe Ruth?
$1,600
SteveWho is Babe Ruth
$6,000
AshokWho is Babe Ruth?
$7,201
Babe Ruth

Final scores:

Ashok Wendy Steve
$26,001 $4,000 $19,000
3-day champion: $65,602 3rd place: $1,000 2nd place: $2,000

Game dynamics:

Coryat scores:

Ashok Wendy Steve
$19,600 $2,400 $12,800
21 R
(including 1 DD),
3 W
(including 1 DD)
11 R,
2 W
16 R
(including 1 DD),
1 W

Combined Coryat: $34,800

[game clues] [game scores] [suggest correction]

Game tape date: 2012-10-15
The J! Archive is created by fans, for fans. Scraping, republication, monetization, and malicious use prohibited; this site may use cookies and collect identifying information. See terms. The Jeopardy! game show and all elements thereof, including but not limited to copyright and trademark thereto, are the property of Jeopardy Productions, Inc. and are protected under law. This website is not affiliated with, sponsored by, or operated by Jeopardy Productions, Inc. Join the discussion at JBoard.tv.